MDQL
is popping MORE tags! Check the
thread
!
Quizzes
Events
Quiz Creation
Community
Videos
Private Events
Remove Ads
Sign In
Join for FREE
Feedback
Dark Mode
Quiz Categories
Sports
Geography
Music
Movies
Television
Just For Fun
Miscellaneous
History
Literature
Language
Science
Gaming
Entertainment
Religion
Holiday
For Kids
Quiz Lab
Recent
Popular Today
Quiz Kudos Today
Editor Picks
Curator Picks
Quizzes by...
Day
Popularity
Type
Ratings
Length
Year
Community
Subscriptions
Recent Discussions
Orange Saloon
Badges
Playlists
Quests
Create
Leaderboards
Showdown
Live 5
Trivia Bingo
Activity
Puzzle Library
Sporcle Events
Private Events
Virtual Trivia
Globe League
Become a Host
Pub Owners
SporcleCon
Opinionation
Our Games
Videos
Blog
Mobile Apps
Partnerships
Remove Ads and Go Orange
Feedback
Television
TV Characters
TV Show
Sitcom
Network
Friends
Reality Shows
Cast
South Park
Star Trek
The Simpsons
Doctor Who
Television
TV Characters
TV Show
Sitcom
Network
Friends
Reality Shows
Cast
South Park
Star Trek
The Simpsons
Doctor Who
Random Quiz
Search Sporcle
×
Curator Pick
Curator Pick
Television
TV Show
Select answers by clicking on text or image buttons
Select answers by clicking on text or image buttons
Clickable
Best Score? Go Orange.
Follow That Line: South Park 2 Stats
Can you pick the South Park line that follows the given line?
By
bcsnd33
10m
25 Questions
12.6K Plays
12,568 Plays
12,568 Plays
Comments
Comments
Give Quiz Kudos
Give Quiz Kudos
-
- Ratings
hide this ad
Forced Order
Answers have to be entered in order
Answers have to be entered in order
Replay
Link that replays current quiz
Next Quiz
Link to next quiz in quiz playlist
You Got
0%
They Got
Avg Score
72%
Avg Friend Score
Upgrade to see
Score Distribution
Jump to the score distribution portion of the page
Score
0/25
Timer
10:00
0
Plays Today
% Correct
Isn't this America?! I'm sorry, I thought this was America!?!?
85.8%
Hmm. I don't really see the irony in that, Kyle
83.7%
Mr. and Mrs. Tenorman chili
83.2%
before we all murder you
82.2%
Your welcome! Now leave us alone!
81.7%
Maybe we should just forget about the Gilgamics for a little
81.4%
You got some sand in your vagina?
80.7%
He told my dad he was
80.4%
Maybe we'll have to send him to a concentration camp.
79.2%
I don't understand the difference
79%
Present them
74.7%
You are a liar. You are a fake. You are a douche
73.9%
Just come out of the closet.
73.7%
% Correct
Somalian pirates we
71.7%
No, I think the other one is Rosie O'Donnell
71%
they lie all the time
70.3%
Is that making love?
70.3%
Yeah, but at least I got rid of all those damn ni...
70.2%
Long live the Zipods
69.6%
smiley face
65.2%
Ohh! Jesus Christ!
64%
Whatever, I'll do what I want!
59.9%
Ohh! I watch that show all the time
56.6%
I didn't hear no bell
56.2%
No, not at all, I'm sure.
46.3%
Quiz Playlist
Details
Report
Send in Message
Add To Playlist
Clickable:
Select answers by clicking on text or image buttons
Forced Order:
Answers have to be entered in order
Last Updated: Feb 16, 2017
Curator Pick in
Follow That Line
Quiz Scoreboard
CHALLENGE
Sign Up to Join the Scoreboard
Show All
Scores
Hide
Comments
May contain spoilers
Recently Published
Image Sorting: Flags VI
by Barbecue
Geography
2m
Find the 'City' Movie
by crazypaving
Movies
60s
Colored Red Africa Blitz
by spor1
Geography
45s
More to Explore
Quiz From the Vault
Featured Blog Post
14 Easter Pick-up Lines to Find Eggs With
hide this ad
You Might Also Like...
Tags
Cartoons Quiz
Clickable Quiz
Follow That Line Quiz
South Park Quiz
TV Show Quiz
Cartoon Characters
Comedy Central
Eric
Kyle
stan
Today's Top Quizzes in Television
Browse Television
hide this ad
Today's Top Quizzes in TV Show
Browse TV Show
Top Contributed Quizzes in Television
1
Survivor Journey Challenge
2
Brooklyn Nine Nine Logic Puzzle (How-To-Play)
3
Total Drama Characters
4
Adjectives in 00s TV Shows
5
Phoebe Buffay Quotes
6
Survivor Heroes vs. Villains Logic Puzzle
7
Survivor Trivia
8
Emmerdale Characters (from August 2012)
9
Game of Thrones: Tywin Lannister Start to Finish
10
Survivor Logic Puzzle: Heroes vs. Villains
Explore More
Trending Topics
Marvel
NBA
Crossword
Anime
Harry Potter
Kpop
Disney
The Office
NFL
Puzzle
Soccer
Song
WWE
Country
Pokémon
hide this ad
More By:
bcsnd33
Quiz
Plays
Rating
Category
Featured
Created
Follow That Line: The Princess Bride
101,118
4.74
Movies
Jul 17, 2012
Follow That Lyric ('90s Songs)
89,531
4.35
Music
Aug 6, 2012
Follow That Line: It's Always Sunny in Philadelphia
16,281
3.95
Television
Jul 8, 2012
Follow That Line: South Park 2
12,568
3.82
Television
Jul 29, 2012
Follow That Line: Archer
6,625
3.61
Television
Jul 11, 2012
Go to Creator's Profile
Score Distribution
Quiz Creator Spotlight
bcsnd33
Follow
Send a Message
Quizzes Created
-
Created Quiz Play Count
-
More By This Creator
Popular Quizzes Today
1
Colored Red Africa Blitz
2
Find the US States - No Outlines Minefield
3
Find the 'City' Movie
4
5x2 Blitz: Bands
5
The Countries of the World
6
Find the US States
7
Find the Countries of Europe - No Outlines Minefield
8
US States
More Television Quizzes
4-to-1 Blitz: TV Networks
Published
Trending Quizzes
Colored Red Europe Blitz I
Colored Red Europe Blitz II
Colored Red Africa Blitz II
Colored Red Europe Blitz III
Colored Red Africa Blitz III
Recently Updated
How Do You Spell That?
pecheneg
Godzilla Movies
pecheneg
Grab Bag: 4-10 Letters
pecheneg
2024 March Madness Bracket
pecheneg
Famous TV Couples
Peacemaker
Champions League XIs: Real Madrid
pecheneg
Largest US Cities 1790-2010
pecheneg
Rides in Walt Disney World
pecheneg
Most Oscar Losses (Acting)
pecheneg
Beyoncé Albums
pecheneg
Trending Topics
Harry Potter
NBA
Crossword
Disney
Marvel
Anime
Kpop
Pokémon
Soccer
Song
WWE
NFL
The Office
Country
Puzzle
Your Account Isn't Verified!
In order to create a playlist on Sporcle, you need to verify the email address you used during registration. Go to your
Sporcle Settings
to finish the process.
Report this User
Report this user for behavior that violates our
Community Guidelines
.
Details:
Send Report
Go to the Sporcle.com Mobile Site →
Comments